[Event "Vrnjacka Banja"]
[Site "Vrnjacka Banja"]
[Date "1988.??.??"]
[Round "?"]
[White "Pavlovic, Milos"]
[Black "Hazai, Laszlo"]
[Result "1/2-1/2"]
[WhiteElo "2460"]
[BlackElo "2440"]

1.e4 e5 2.Nf3 Nc6 3.Bb5 a6 4.Ba4 Nf6 5.O-O Be7 6.Re1 b5 7.Bb3 d6 8.c3 O-O
9.h3 Bb7 10.d4 Re8 11.Nbd2 Bf8 12.a4 h6 13.Bc2 exd4 14.cxd4 Nb4 15.Bb1 c5
16.d5 Nd7 17.Ra3 f5 18.exf5 Rxe1+ 19.Qxe1 Bxd5 20.Nh2 Nf6 21.Ng4 Be7 22.Ne4 Nxg4
23.hxg4 Bf6 24.axb5 axb5 25.Rxa8 Bxa8 26.Nxf6+ Qxf6 27.Qe8+ Qf8 28.Qe2 Qf7
29.Qd2 Qd5 30.Qxd5+ Bxd5 31.g5 hxg5 32.Bxg5 Kf7 33.f3 c4 34.Bd2 Nd3 35.b3 Kf6
36.bxc4 bxc4 37.Bc3+ Kxf5 38.Bxg7 Kf4 39.Kf1 Ne5 40.Bxe5+ Kxe5 41.Kf2 Kd4
42.g4 c3 43.Bc2 Bc4 44.g5  1/2-1/2

[Event "Wellington"]
[Site "Wellington"]
[Date "1988.??.??"]
[Round "?"]
[White "Chandler, Murray G"]
[Black "Sarapu, Ortvin"]
[Result "1-0"]
[WhiteElo "2590"]
[BlackElo "2345"]

1.e4 e5 2.Nf3 Nc6 3.Bb5 a6 4.Ba4 Nf6 5.O-O Be7 6.Re1 b5 7.Bb3 d6 8.c3 O-O
9.h3 Bb7 10.d4 Re8 11.Nbd2 Bf8 12.a4 g6 13.d5 Ne7 14.c4 Qd7 15.Nf1 bxc4 16.Bxc4 Bg7
17.Ng3 c6 18.dxc6 Nxc6 19.Be3 Rac8 20.Rc1 Na5 21.Ba2 Rxc1 22.Bxc1 d5 23.exd5 Bxd5
24.Nxe5 Qc7 25.Bxd5 Nxd5 26.Qxd5 Rxe5 27.Qa8+ Bf8 28.Rxe5 Qxe5 29.Bh6 Qe7
30.Ne4 f5 31.Qd5+ Kh8 32.Bg5  1-0

[Event "Wellington"]
[Site "Wellington"]
[Date "1988.??.??"]
[Round "?"]
[White "Gufeld, Eduard"]
[Black "Sarapu, Ortvin"]
[Result "1-0"]
[WhiteElo "2485"]
[BlackElo "2345"]

1.e4 e5 2.Nf3 Nc6 3.Bb5 a6 4.Ba4 Nf6 5.O-O Be7 6.Re1 b5 7.Bb3 d6 8.c3 O-O
9.h3 Bb7 10.d4 Re8 11.Ng5 Rf8 12.Nf3 Re8 13.Nbd2 Bf8 14.a3 g6 15.Ba2 Bg7
16.d5 Ne7 17.b4 c6 18.c4 bxc4 19.dxc6 Nxc6 20.Nxc4 Bf8 21.Bg5 h6 22.Bxf6 Qxf6
23.Nb6 Rad8 24.Rc1 h5 25.Bd5 Rc8 26.Nxc8 Rxc8 27.Qa4  1-0

[Event "Hoogovens-B"]
[Site "Wijk aan Zee"]
[Date "1988.??.??"]
[Round "?"]
[White "Nijboer, Friso"]
[Black "Riemersma, Liafbern"]
[Result "1-0"]
[WhiteElo "2375"]
[BlackElo "2420"]

1.e4 e5 2.Nf3 Nc6 3.Bb5 a6 4.Ba4 Nf6 5.O-O Be7 6.Re1 b5 7.Bb3 O-O 8.c3 d6
9.h3 Bb7 10.d4 Re8 11.Nbd2 Bf8 12.a3 h6 13.Bc2 Nb8 14.b4 Nbd7 15.Bb2 g6 16.Qb1 Bg7
17.Nb3 Rc8 18.a4 c6 19.Na5 Ba8 20.dxe5 dxe5 21.c4 c5 22.axb5 axb5 23.bxc5 Rxc5
24.Ba3 Rc8 25.Qxb5 Rb8 26.Qa4 Nb6 27.Qb4 Nxc4 28.Qxc4 Qxa5 29.Bd6 Rbc8 30.Qxf7+ Kxf7
31.Bb3+ Bd5 32.Bxd5+ Qxd5 33.exd5 Nxd5 34.Ra7+ Kg8 35.Bxe5 Bf6 36.Rd7 Rcd8
37.Rxd5 Rxd5 38.Bxf6 Rxe1+ 39.Nxe1 Rd1 40.Kf1 Rd2 41.Bc3 Ra2 42.g3 Kf7 43.Bd4 h5
44.Be3 Ke6 45.Kg2 Kf5 46.Kf3 Ra4 47.Nc2 Ke5 48.Nd4 Ra6 49.Ne2 Rf6+ 50.Bf4+ Kd5
51.Nc3+ Kd4 52.Ne4 Ra6 53.g4 hxg4+ 54.hxg4 Ra5 55.Be3+ Ke5 56.Nd2 Ra8 57.Kg3 Ra4
58.Kh4 Kf6 59.f4 Kg7 60.Nf3 Ra3 61.Bd4+ Kg8 62.Ng5 Ra2 63.Ne6 Kf7 64.Nc5 Rc2
65.Ne4  1-0

[Event "Zuerich op"]
[Site "Zuerich"]
[Date "1988.??.??"]
[Round "7"]
[White "Mainka, Gregor"]
[Black "Castagna, Renzo"]
[Result "1/2-1/2"]
[WhiteElo "2285"]
[BlackElo "2110"]

1.e4 e5 2.Nf3 Nc6 3.Bb5 a6 4.Ba4 Nf6 5.O-O Be7 6.Re1 b5 7.Bb3 O-O 8.c3 d6
9.h3 Bb7 10.d4 Re8 11.a4 h6 12.d5 Na5 13.Bc2 c6 14.dxc6 Bxc6 15.Nbd2 Bf8
16.Nf1 Qb6 17.Ng3 g6 18.Be3 Qb7 19.b3 bxa4 20.bxa4 Nc4 21.Rb1 Nxe3 22.Rxe3 Qc7
23.Bb3 Rab8  1/2-1/2

[Event "Nordic-tt"]
[Site "Aabybro"]
[Date "1989.??.??"]
[Round "?"]
[White "Mainka, Romuald"]
[Black "Ahlander, Bjorn"]
[Result "1/2-1/2"]
[WhiteElo "2450"]
[BlackElo "2415"]

1.e4 e5 2.Nf3 Nc6 3.Bb5 a6 4.Ba4 Nf6 5.O-O Be7 6.Re1 b5 7.Bb3 O-O 8.c3 d6
9.h3 Bb7 10.d4 Na5 11.Bc2 Nc4 12.b3 Nb6 13.Nbd2 Re8 14.Bb2 Bf8 15.a4 bxa4
16.bxa4 a5 17.Bd3 h6 18.d5 c6 19.c4 Qb8 20.Nb3 Rc8 21.Nfd2 Ba6 22.Qe2 Rc7
23.dxc6 Rxc6 24.Nxa5 Rc7 25.Reb1 Qe8 26.Qd1 d5 27.exd5 Nbxd5 28.Ne4 Nf4 29.Nxf6+ gxf6
30.Be4 Rd8 31.Qg4+ Bg7 32.Qf5 Ng6 33.Bc1 Bc8 34.Qh5 Rd4 35.Bd5 Kh7 36.Be3 Rh4
37.Qe2 f5 38.Ra2 e4 39.Bc1 Qe7 40.Nb3 Ne5 41.Be3 Nd3 42.Rd2 Ne5 43.Nd4 Ng6
44.Nb5 f4 45.Nxc7 fxe3 46.Qxe3 Qxc7 47.Bxe4 Qxc4 48.Bxg6+ fxg6 49.Rd8 Be6
50.Rc1 Qa2 51.Rd2 Qb3 52.Qxb3 Bxb3 53.a5 h5 54.Rd7 Kh6 55.Rcc7 Be5 56.Rh7+ Kg5
57.g3 Rd4 58.f4+ Bxf4 59.gxf4+ Kxf4 60.Rhd7 Ra4 61.Rc3 Ra1+ 62.Kf2 Ra2+ 63.Ke1 Be6
64.Rd6 Bf5 65.a6 h4 66.Kd1 Kg5 67.Rcc6 Kf4 68.Rc7 Bxh3 69.Rxg6 Bg2 70.Rc4+ Kf5
71.Rxg2 Rxg2 72.Rxh4 Ra2 73.Rh6 Ke5 74.Kc1 Kd5 75.Kb1  1/2-1/2

[Event "ARG-ch"]
[Site "?"]
[Date "1989.??.??"]
[Round "11"]
[White "Bronstein, Luis"]
[Black "Rubinetti, Jorge A"]
[Result "1/2-1/2"]
[WhiteElo "2395"]
[BlackElo "2460"]

1.e4 e5 2.Nf3 Nc6 3.Bb5 a6 4.Ba4 Nf6 5.O-O Be7 6.Re1 b5 7.Bb3 d6 8.c3 O-O
9.h3 Bb7 10.d4 Nd7 11.Nbd2 exd4 12.cxd4 Nb4 13.a3 Nd3 14.Re3 Nxc1 15.Rxc1 c5
16.Bd5 Bxd5 17.exd5 Nb6 18.dxc5 dxc5 19.Nb1 Bf6 20.Rxc5 Na4 21.Rc6 Nxb2 22.Qc2 Nc4
23.Rd3 Re8 24.d6 Re6 25.Nbd2 Nxd6 26.Ne4 Rxe4 27.Rdxd6 Qe8 28.Rxa6 Rxa6 29.Rxa6 Rc4
30.Qf5 Rc1+ 31.Kh2 Qb8+ 32.g3 h6 33.Qe4 Rc8 34.Qg4 Kh8 35.Qf5 Re8 36.Rxf6 gxf6
37.Qxf6+ Kg8 38.Qxh6 Re6 39.Qg5+ Rg6 40.Qf5 Qb6 41.Ne5 Rf6 42.Qg5+ Kh7 43.Qh5+ Kg7  1/2-1/2

[Event "Barnsdale YM"]
[Site "Barnsdale"]
[Date "1989.??.??"]
[Round "?"]
[White "Chandler, Murray G"]
[Black "Mannion, Stephen R"]
[Result "1-0"]
[WhiteElo "2600"]
[BlackElo "2290"]

1.e4 e5 2.Nf3 Nc6 3.Bb5 a6 4.Ba4 Nf6 5.O-O Be7 6.Re1 b5 7.Bb3 d6 8.c3 O-O
9.h3 Bb7 10.d4 Re8 11.Nbd2 Bf8 12.a4 h6 13.Bc2 exd4 14.cxd4 Nb4 15.Bb1 c5
16.d5 Nd7 17.Ra3 c4 18.axb5 axb5 19.Nd4 Rxa3 20.bxa3 Nd3 21.Bxd3 cxd3 22.Re3 Nc5
23.Bb2 g6 24.N4b3 Na4 25.Bd4 Ba6 26.Rxd3 b4 27.Re3 bxa3 28.Qa1 Qd7 29.Qxa3 Rc8
30.Ba1 Rc2 31.Qb4 Bg7 32.Bxg7 Kxg7 33.Qd4+ Kg8 34.Qf6 Nb6 35.Rc3 Rxc3 36.Qxc3 Qc8
37.Qe3 Nc4 38.Qxh6 Nxd2 39.Qxd2 Qc4 40.Nd4  1-0

[Event "Belgrade"]
[Site "Belgrade"]
[Date "1989.??.??"]
[Round "?"]
[White "Popovic, Petar"]
[Black "Damljanovic, Branko"]
[Result "1/2-1/2"]
[WhiteElo "2550"]
[BlackElo "2555"]

1.e4 e5 2.Nf3 Nc6 3.Bb5 a6 4.Ba4 Nf6 5.O-O Be7 6.Re1 b5 7.Bb3 O-O 8.c3 d6
9.h3 Bb7 10.d4 Re8 11.Nbd2 Bf8 12.Bc2 Nb8 13.a4 Nbd7 14.Bd3 c6 15.b3 Qc7
16.Bb2 g6 17.Qc2 Bg7  1/2-1/2

[Event "Benidorm op"]
[Site "Benidorm"]
[Date "1989.??.??"]
[Round "?"]
[White "Fernandez Aguado, Juan Luis"]
[Black "Sonntag, Hans Hubert"]
[Result "0-1"]
[WhiteElo "2330"]
[BlackElo "2375"]

1.e4 e5 2.Nf3 Nc6 3.Bb5 a6 4.Ba4 Nf6 5.O-O Be7 6.Re1 b5 7.Bb3 d6 8.c3 O-O
9.h3 Bb7 10.d4 Re8 11.Nbd2 Bf8 12.Bc2 Nb8 13.b3 g6 14.a4 Nbd7 15.Bd3 c6 16.Ba3 Qb6
17.b4 Bg7 18.Nb3 Rad8 19.axb5 axb5 20.dxe5 Nxe5 21.Nxe5 Rxe5 22.Bc1 c5 23.Bf4 c4
24.Bxe5 dxe5 25.Nc5 cxd3 26.Kh1 Bf8 27.Nxb7 Qxb7 28.Qf3 d2 29.Re3 Bh6  0-1

[Event "Bern"]
[Site "Bern"]
[Date "1989.??.??"]
[Round "?"]
[White "Campora, Daniel H"]
[Black "Silva, Marco"]
[Result "1-0"]
[WhiteElo "2500"]
[BlackElo "2330"]

1.e4 e5 2.Nf3 Nc6 3.Bb5 a6 4.Ba4 Nf6 5.O-O Be7 6.Re1 b5 7.Bb3 d6 8.c3 O-O
9.h3 Bb7 10.d4 Re8 11.Nbd2 Bf8 12.a3 h6 13.Bc2 g6 14.d5 Nb8 15.b3 c6 16.c4 Nbd7
17.a4 Qc7 18.Ba3 Rec8 19.Bd3 cxd5 20.cxd5 Nc5 21.Bf1 Qb6 22.axb5 axb5 23.Bxc5 Qxc5
24.Rxa8 Rxa8 25.Qc1 Qb6 26.b4 h5 27.Qb2 Ra4 28.Nb1 Ra8 29.Nc3 Ba6 30.Ra1 Rc8
31.Ra3 Ne8 32.Bd3 Nc7 33.Qe2 Rb8 34.Ra5 Be7 35.g3 Kg7 36.Kg2 Bd8 37.Qd2 Qb7
38.Ra1 Qb6 39.g4 h4 40.g5 Be7 41.Ne2 Rh8 42.Qc3 Bb7 43.Nxe5 Nxd5 44.exd5 Bxd5+
45.Kg1 Kh7 46.Nd7 Qb7 47.Nf6+ Bxf6 48.Qxf6 Re8 49.Nf4 Re5 50.Nxg6 fxg6 51.Qxg6+ Kh8
52.Ra8+  1-0

[Event "Biel op"]
[Site "Biel"]
[Date "1989.??.??"]
[Round "1"]
[White "Georgiev, Krum"]
[Black "Rieke, Theo"]
[Result "1-0"]
[WhiteElo "2480"]
[BlackElo "2250"]

1.e4 e5 2.Nf3 Nc6 3.Bb5 a6 4.Ba4 Nf6 5.O-O Be7 6.Re1 b5 7.Bb3 O-O 8.c3 d6
9.h3 Bb7 10.d4 Re8 11.Ng5 Rf8 12.Nf3 Re8 13.Nbd2 Bf8 14.Bc2 h6 15.d5 Nb8
16.b3 c6 17.c4 Nbd7 18.Nf1 bxc4 19.bxc4 Nc5 20.N3d2 Nfd7 21.Ne3 g6 22.Rb1 Qc7
23.Nb3 cxd5 24.cxd5 Rec8 25.Bd2 a5 26.Nxc5 Nxc5 27.Nc4 Nd7 28.Ba4 Qxc4 29.Bxd7 Rcb8
30.Qc1 Ba6 31.Qxc4 Bxc4 32.Bc6 Rxb1 33.Rxb1 Rc8 34.Bxa5 Bxa2 35.Rb4 Be7 36.Kf1 Bd8
37.Bxd8 Rxd8 38.Ke2 f5 39.exf5 gxf5 40.Kd3 Rc8 41.Rb2  1-0

[Event "Biel op"]
[Site "Biel"]
[Date "1989.??.??"]
[Round "9"]
[White "Sznapik, Aleksander"]
[Black "Komljenovic, Davor"]
[Result "1-0"]
[WhiteElo "2450"]
[BlackElo "2470"]

1.e4 e5 2.Nf3 Nc6 3.Bb5 a6 4.Ba4 Nf6 5.O-O Be7 6.Re1 b5 7.Bb3 d6 8.c3 O-O
9.h3 Bb7 10.d4 Re8 11.Nbd2 Bf8 12.a3 Nb8 13.Bc2 Nbd7 14.b4 a5 15.Bb2 Nb6
16.Rc1 exd4 17.Nxd4 Nc4 18.Nxc4 bxc4 19.f3 c6 20.Qe2 d5 21.Rcd1 Bd6 22.Bc1 Qc7
23.Nf5 Bh2+ 24.Kh1 Be5 25.Qe3 axb4 26.axb4 Bc8 27.Nxg7 Kxg7 28.Qh6+ Kh8 29.exd5 cxd5
30.Bg5 Ne4 31.fxe4 Ra6 32.Qh5 Rg8 33.exd5 f6 34.d6 Qg7 35.Rxe5 fxe5 36.Bf6  1-0

[Event "Biel op"]
[Site "Biel"]
[Date "1989.??.??"]
[Round "9"]
[White "Ermenkov, Evgenij"]
[Black "Shvidler, Eliahu"]
[Result "1-0"]
[WhiteElo "2500"]
[BlackElo "2400"]

1.e4 e5 2.Nf3 Nc6 3.Bb5 a6 4.Ba4 Nf6 5.O-O Be7 6.Re1 b5 7.Bb3 d6 8.c3 O-O
9.h3 Bb7 10.d4 Re8 11.Nbd2 Bf8 12.d5 Nb8 13.Bc2 Nbd7 14.b3 g6 15.Nf1 c6 16.c4 Qc7
17.Bd2 bxc4 18.bxc4 Rec8 19.Rc1 a5 20.Bb1 Ba6 21.Ne3 cxd5 22.cxd5 Nc5 23.Nc4 Bb5
24.Bg5 Bg7 25.Nfd2 h6 26.Be3 Nfd7 27.Qf3 Nb6 28.Nxb6 Qxb6 29.Nb3 a4 30.Nxc5 dxc5
31.Qd1 Qd6 32.Rc3 c4 33.Qd2 h5 34.Rec1 Ba6 35.Bc2 a3 36.Bd1 Rab8 37.R1c2 Rb1
38.Kh2 Bf6 39.Be2 Bd8 40.Bxc4 Ba5 41.Qd3 Bxc3 42.Bxa6 Rc7 43.Rxc3 Rxc3 44.Qxc3 Qxa6
45.Qxe5 Rd1 46.Bh6 f6 47.Qe7  1-0

[Event "Noviki-B"]
[Site "Budapest"]
[Date "1989.??.??"]
[Round "?"]
[White "Lengyel, Bela"]
[Black "Rajna, George"]
[Result "1-0"]
[WhiteElo "2365"]
[BlackElo "2380"]

1.e4 e5 2.Nf3 Nc6 3.Bb5 a6 4.Ba4 Nf6 5.O-O Be7 6.Re1 b5 7.Bb3 d6 8.c3 O-O
9.h3 Bb7 10.d3 Re8 11.Nbd2 Bf8 12.Nf1 h6 13.Ng3 g6 14.d4 Bg7 15.a4 Nd7 16.d5 Ne7
17.Bc2 bxa4 18.Bxa4 Rf8 19.b4 f5 20.c4 f4 21.Nf1 g5 22.Bxd7 Qxd7 23.c5 Qb5
24.c6 Bc8 25.Bd2 g4 26.hxg4 Bxg4 27.N1h2 Bh5 28.Qc2 Bf6 29.Ra5 Qb6 30.Rea1 Ng6
31.Qd3 Nh4 32.Rxa6 Rxa6 33.Rxa6 Nxf3+ 34.Nxf3 Qb8 35.Nh2 Kh7 36.b5 Rg8 37.b6 cxb6
38.Qa3 Qe8 39.Qh3 Bg6 40.f3 Rg7 41.Bb4 Qd8 42.Qe6 Bh4 43.Bxd6 Bf7 44.c7 Bf2+
45.Kf1 Qh4 46.Qh3 Rg8 47.Qxh4 Bxh4 48.Rxb6 Ra8 49.Rb8  1-0

[Event "COL-ch"]
[Site "COL"]
[Date "1989.??.??"]
[Round "?"]
[White "Mendoza, Rafael"]
[Black "Henao, Raul Fernando"]
[Result "1/2-1/2"]
[WhiteElo "2275"]
[BlackElo "2420"]

1.e4 e5 2.Nf3 Nc6 3.Bb5 a6 4.Ba4 Nf6 5.O-O Be7 6.Re1 b5 7.Bb3 d6 8.c3 O-O
9.h3 Bb7 10.d4 Re8 11.Nbd2 Bf8 12.d5 Nb8 13.Nf1 Nbd7 14.Ng3 g6 15.Bg5 h6
16.Be3 Nc5 17.Bc2 c6 18.b4 Ncd7 19.dxc6 Bxc6 20.Nd2 d5 21.exd5 Nxd5 22.Bb3 Nxe3
23.Rxe3 Nf6 24.Nde4 Nxe4 25.Nxe4 Kg7 26.Rd3 Qh4 27.Ng3 Rad8 28.Bd5 e4 29.Rd4 Bxd5
30.Rxd5 Rxd5 31.Qxd5 e3 32.Rf1 Re6 33.Qf3 Qg5 34.fxe3 Qxe3+ 35.Qxe3 Rxe3
36.Rf3 Re6 37.Kf2 Bd6 38.Rd3 Bc7 39.Ne2 Bb6+ 40.Ke1 h5 41.Kd2 Kf8 42.Nf4 Re5
43.Nd5 Bd8 44.Rd4  1/2-1/2

[Event "FRA-ch"]
[Site "?"]
[Date "1989.??.??"]
[Round "?"]
[White "Apicella, Manuel"]
[Black "Villeneuve, Alain"]
[Result "1/2-1/2"]
[WhiteElo "2395"]
[BlackElo "2330"]

1.e4 e5 2.Nf3 Nc6 3.Bb5 a6 4.Ba4 Nf6 5.O-O Be7 6.Re1 b5 7.Bb3 d6 8.c3 O-O
9.h3 Bb7 10.d4 Re8 11.Nbd2 Bf8 12.a3 h6 13.Bc2 Nb8 14.b4 Nbd7 15.Bb2 Rb8
16.d5 c6 17.c4 cxd5 18.cxd5 Nb6 19.Bb3 Qd7 20.Rc1 Rec8 21.Qe2 Ne8 22.Qe3 Qd8
23.Nh2 Be7 24.Qd3 Bg5 25.Nhf3 Bxd2 26.Nxd2 Rxc1 27.Rxc1 Rc8 28.Rxc8 Bxc8
29.Nf1 Bd7 30.Ne3 Qc8 31.Kh2 Na4 32.Bxa4 bxa4  1/2-1/2

[Event "Peer Gynt"]
[Site "Gausdal"]
[Date "1989.??.??"]
[Round "?"]
[White "Ernst, Thomas"]
[Black "Lukacs, Peter"]
[Result "1-0"]
[WhiteElo "2460"]
[BlackElo "2465"]

1.e4 e5 2.Nf3 Nc6 3.Bb5 a6 4.Ba4 Nf6 5.O-O Be7 6.Re1 b5 7.Bb3 d6 8.c3 O-O
9.h3 Bb7 10.d4 Re8 11.Nbd2 Bf8 12.a3 h6 13.Bc2 Nb8 14.b4 Nbd7 15.Bb2 c5 16.bxc5 exd4
17.cxd4 dxc5 18.Rc1 Rc8 19.Bb1 cxd4 20.Rxc8 Qxc8 21.Nxd4 Qb8 22.Ba2 g6 23.N4f3 Bg7
24.e5 Nd5 25.Ne4 N7b6 26.Nd6 Re7 27.Bd4 Ba8 28.h4 Qc7 29.h5 Nc4 30.Nxc4 bxc4
31.hxg6 fxg6 32.Qc2 Kh7 33.Qxc4 Qd7 34.Qxa6 Nc7 35.Qd3 Bxf3 36.gxf3 Ne6 37.Bxe6 Qxe6
38.Qe4 Rf7 39.Kg2 Rf5 40.f4 Rh5 41.Re3 Rf5 42.Rc3 Rf7 43.f3 Rf5 44.Bf2 Rh5
45.Bg3 Qa2+ 46.Qc2 Qa1 47.Rc6 Qh1+ 48.Kf2 Rf5 49.Qb3 Qa1 50.Kg2 Rh5 51.Rc8  1-0

[Event "Dreszer op"]
[Site "Gdynia"]
[Date "1989.??.??"]
[Round "6"]
[White "Solozhenkin, Evgeniy"]
[Black "Szymczak, Zbigniew"]
[Result "1-0"]
[WhiteElo "2405"]
[BlackElo "2400"]

1.e4 e5 2.Nf3 Nc6 3.Bb5 a6 4.Ba4 Nf6 5.O-O Be7 6.Re1 b5 7.Bb3 d6 8.c3 O-O
9.h3 Bb7 10.d4 Re8 11.Nbd2 Bf8 12.a4 h6 13.d5 Ne7 14.c4 c6 15.dxc6 Bxc6 16.axb5 axb5
17.Rxa8 Qxa8 18.cxb5 Bxe4 19.Nxe4 Nxe4 20.Bc2 f5 21.Nh4 d5 22.Bb3 Kh8 23.f3 Qa7+
24.Be3 d4 25.fxe4 dxe3 26.Qh5 Rb8 27.Kh2 g5 28.Nf3 Rxb5 29.Be6 g4 30.hxg4 fxg4
31.Qf7 Bg7 32.Qe8+ Kh7 33.Ng5+ hxg5 34.Kg3 Ng6 35.Bg8+ Kh8 36.Bf7+ Bf8 37.Bxg6  1-0

[Event "Dreszer op"]
[Site "Gdynia"]
[Date "1989.??.??"]
[Round "9"]
[White "Tseitlin, Mark D"]
[Black "Szymczak, Zbigniew"]
[Result "0-1"]
[WhiteElo "2430"]
[BlackElo "2400"]

1.e4 e5 2.Nf3 Nc6 3.Bb5 a6 4.Ba4 Nf6 5.O-O Be7 6.Re1 b5 7.Bb3 d6 8.c3 O-O
9.h3 Bb7 10.d4 Re8 11.Nbd2 Bf8 12.a4 h6 13.d5 Nb8 14.c4 bxc4 15.Nxc4 c6 16.dxc6 Nxc6
17.a5 Rb8 18.Bd2 Nd4 19.Ba4 Nxf3+ 20.Qxf3 Re6 21.Nb6 d5 22.exd5 Nxd5 23.Nxd5 Bxd5
24.Qd3 Bxg2 25.Qxd8 Rxd8 26.Bc3 Bxh3 27.Rxe5 Rg6+ 28.Kh2 Bc8 29.Bc2 Rg4 30.f3 Rc4
31.Re2 Bb7 32.Be4 Bxe4 33.Rxe4 Rxe4 34.fxe4 g5 35.Ra4 Bg7 36.e5 Rd5 37.Re4 Kf8
38.Kg2 Ke7 39.Rb4 Bxe5 40.Bxe5 Rxe5 41.Rb7+ Kf6 42.b4 Re2+ 43.Kf3 Rb2 44.Ke4 g4
45.Kf4 h5 46.b5 Rb4+ 47.Kg3 axb5 48.Kh4 Kg6 49.Rb8 Rb3 50.Rg8+ Kf5  0-1

[Event "Gran Canaria-ch"]
[Site "Gran Canaria"]
[Date "1989.??.??"]
[Round "?"]
[White "Villavicencio, Adalberto"]
[Black "Brito, Alfredo"]
[Result "1/2-1/2"]
[WhiteElo "2325"]
[BlackElo "2360"]

1.e4 e5 2.Nf3 Nc6 3.Bb5 a6 4.Ba4 Nf6 5.O-O Be7 6.Re1 b5 7.Bb3 d6 8.c3 O-O
9.h3 Bb7 10.d4 Re8 11.Nbd2 Bf8 12.a4 h6 13.Bc2 exd4 14.cxd4 Nb4 15.Bb1 c5
16.d5 Nd7 17.Ra3 c4 18.axb5 axb5 19.Nd4 Ne5 20.Nxb5 Qb6 21.Rxa8 Rxa8 22.Na3 Ba6
23.Re3 Be7 24.Nf3 Bf6 25.Nxe5 Bxe5 26.Rf3 Qc7 27.Bd2 Nd3 28.Bc3 Bxc3 29.bxc3 Qc5
30.Nxc4 Nxf2 31.Rxf2 Bxc4 32.Qf3 Qc7 33.Kh2 Qe7 34.Qf4 Ra3 35.Rb2 Qc7 36.Qe3 Ba6
37.Qb6 Qxc3 38.Qb8+ Kh7 39.e5+ g6 40.exd6 Qg3+ 41.Kg1 Qe1+ 42.Kh2 Qg3+ 43.Kh1  1/2-1/2

[Event "Guernsey op"]
[Site "Guernsey"]
[Date "1989.??.??"]
[Round "?"]
[White "Bellin, Robert"]
[Black "Jackson, Sheila"]
[Result "1-0"]
[WhiteElo "2385"]
[BlackElo "2195"]

1.e4 e5 2.Nf3 Nc6 3.Bb5 a6 4.Ba4 Nf6 5.O-O Be7 6.Re1 b5 7.Bb3 d6 8.c3 O-O
9.h3 Bb7 10.d4 Re8 11.Nbd2 Bf8 12.a3 h6 13.Bc2 Nb8 14.b4 a5 15.Rb1 axb4 16.cxb4 Nbd7
17.dxe5 dxe5 18.Qe2 c6 19.Nb3 Rb8 20.Be3 Nb6 21.Na5 Ba8 22.Rbc1 Nfd7 23.Bd3 Qf6
24.Rc2 Rec8 25.Rec1 Be7 26.Nh2 Qe6 27.Qg4 Qd6 28.Rd2 Qf6 29.Bf1 Rd8 30.Rcd1 Kf8
31.Rxd7 Nxd7 32.Rxd7 Rxd7 33.Qxd7 Rd8 34.Qa7 Qg6 35.f3 Qe6 36.Ng4 h5 37.Nf2 Qa2
38.Bb6 Re8 39.Bc5 Qe6 40.Nd3 Rd8 41.Qc7 Ke8 42.Bxe7 Qxe7 43.Qxe5 Qxe5 44.Nxe5 Rc8
45.Nexc6 Bxc6 46.Nxc6  1-0

[Event "EU-chT"]
[Site "Haifa"]
[Date "1989.??.??"]
[Round "6"]
[White "Kindermann, Stefan"]
[Black "Dutreeuw, Marc"]
[Result "1-0"]
[WhiteElo "2530"]
[BlackElo "2400"]

1.e4 e5 2.Nf3 Nc6 3.Bb5 a6 4.Ba4 Nf6 5.O-O Be7 6.Re1 b5 7.Bb3 d6 8.c3 O-O
9.h3 Bb7 10.d4 Re8 11.Nbd2 Bf8 12.a3 Nb8 13.Ng5 Re7 14.Ndf3 Nbd7 15.Nxf7 Rxf7
16.Ng5 d5 17.Nxf7 Kxf7 18.Bg5 c5 19.dxe5 Nxe5 20.f4 Nd3 21.Bxd5+ Bxd5 22.Qxd3 Bc6
23.Qc2 h6 24.Bh4 Be7 25.Rad1 Qc7 26.e5 Nd5 27.Qf5+ Ke8 28.Bxe7 Qxe7 29.e6 Rd8
30.Re5 Qf6 31.Rdxd5 Bxd5 32.e7 Rb8 33.Qxf6 gxf6 34.Rxd5 Kxe7 35.Rxc5 Rd8
36.Rc7+ Ke6 37.Rc6+ Kf5 38.Rxa6 Rd2 39.b4 Rc2 40.Rc6 Kxf4 41.Rxf6+  1-0

[Event "URS-sf Ukraine-ch"]
[Site "Kherson"]
[Date "1989.??.??"]
[Round "?"]
[White "Kuzmin, Gennadi P"]
[Black "Kruppa, Yuri"]
[Result "1-0"]
[WhiteElo "2495"]
[BlackElo "2440"]

1.e4 e5 2.Nf3 Nc6 3.Bb5 a6 4.Ba4 Nf6 5.O-O Be7 6.Re1 b5 7.Bb3 d6 8.c3 O-O
9.h3 Bb7 10.d3 Na5 11.Bc2 c5 12.Nbd2 Re8 13.Nf1 Bf8 14.Ng3 Qc7 15.Bg5 Nd7
16.Bd2 d5 17.b4 cxb4 18.cxb4 Nc6 19.a3 Nb6 20.Bb3 Qd7 21.Be3 d4 22.Bd2 h6
23.Nh2 a5 24.Ng4 axb4 25.Nf5 Re6 26.axb4 Rxa1 27.Qxa1 h5 28.Nh2 Bxb4 29.Qd1 Rf6
30.Bxb4 Nxb4 31.Qd2 N4d5 32.Nf3 Qc7 33.Rc1 Nc3 34.Qg5 Rxf5 35.exf5 Nd7 36.Qe7 Bxf3
37.Qxf7+ Kh7 38.f6 Ne2+ 39.Kh2  1-0

[Event "Leningrad-chT"]
[Site "Leningrad"]
[Date "1989.??.??"]
[Round "?"]
[White "Aseev, Konstantin N"]
[Black "Malevinsky, Alexander A"]
[Result "1/2-1/2"]
[WhiteElo "2485"]
[BlackElo "2385"]

1.e4 e5 2.Nf3 Nc6 3.Bb5 a6 4.Ba4 Nf6 5.O-O Be7 6.Re1 b5 7.Bb3 O-O 8.c3 d6
9.h3 Bb7 10.d4 Re8 11.Nbd2 Bf8 12.a3 g6 13.d5 Ne7 14.c4 Bg7 15.Bc2 c6 16.b3 Nd7
17.Nf1 cxd5 18.cxd5 f5 19.Ng5 Nf8 20.exf5 gxf5 21.Qh5 e4 22.Nf7 Qc7 23.Ra2 Nxd5
24.Nh6+ Bxh6 25.Qxh6 Ng6 26.Ng3 Qf7 27.Bb2 Re7 28.Qg5 Rf8 29.h4 Rc7 30.Bd4 Qe7
31.f3 Nc3 32.Rb2 Qxg5 33.hxg5 exf3 34.Bxf5 Nf4 35.gxf3 Bxf3 36.Re3 Nce2+
37.Nxe2 Nxe2+ 38.Rbxe2 Rxf5 39.Rf2 Rc1+ 40.Kh2 Rh1+ 41.Kg3 Rg1+ 42.Kh2  1/2-1/2

[Event "Leon"]
[Site "Leon"]
[Date "1989.??.??"]
[Round "?"]
[White "Sion Castro, Marcelino"]
[Black "Sanz Alonso, Francisco Javier"]
[Result "1/2-1/2"]
[WhiteElo "2315"]
[BlackElo "2420"]

1.e4 e5 2.Nf3 Nc6 3.Bb5 a6 4.Ba4 Nf6 5.O-O Be7 6.Re1 b5 7.Bb3 d6 8.c3 O-O
9.h3 Bb7 10.d4 Re8 11.Nbd2 Bf8 12.Bc2 Nb8 13.d5 c6 14.c4 bxc4 15.dxc6 Nxc6
16.Nxc4 Rc8 17.Bg5  1/2-1/2

[Event "Haringey"]
[Site "London"]
[Date "1989.??.??"]
[Round "?"]
[White "Martin, Andrew D"]
[Black "Dutreeuw, Marc"]
[Result "1/2-1/2"]
[WhiteElo "2425"]
[BlackElo "2400"]

1.e4 e5 2.Nf3 Nc6 3.Bb5 a6 4.Ba4 Nf6 5.O-O Be7 6.Re1 b5 7.Bb3 O-O 8.c3 d6
9.h3 Bb7 10.d4 Re8 11.Ng5 Rf8 12.f4 exd4 13.cxd4 d5 14.e5 Ne4 15.Nc3 Nxd4
16.Nxd5 Nxb3 17.Nxe7+ Qxe7 18.Qxb3 Nxg5 19.fxg5 Rad8 20.Bf4 Rd4 21.Qg3 Rfd8
22.Re2 Qe6 23.b3 c5 24.Rae1 a5 25.Qf2 R4d5 26.Rc2 Rc8 27.Rec1 c4 28.bxc4 bxc4
29.Rb2 Qd7 30.Rcb1 Rd1+ 31.Rxd1 Qxd1+ 32.Kh2 Qd5 33.Qb6 Qe4 34.Bg3 Bd5 35.Qxa5 g6
36.Rd2 Be6  1/2-1/2

[Event "Haringey"]
[Site "London"]
[Date "1989.??.??"]
[Round "?"]
[White "Conquest, Stuart"]
[Black "Dutreeuw, Marc"]
[Result "0-1"]
[WhiteElo "2515"]
[BlackElo "2400"]

1.e4 e5 2.Nf3 Nc6 3.Bb5 a6 4.Ba4 Nf6 5.O-O Be7 6.Re1 b5 7.Bb3 O-O 8.c3 d6
9.h3 Bb7 10.d4 Re8 11.Nbd2 Bf8 12.Bc2 Nb8 13.dxe5 dxe5 14.Qe2 Nbd7 15.Nf1 Nc5
16.Ng3 Qd7 17.Bg5 Qe6 18.b4 Na4 19.Bb3 Qc6 20.Rac1 h6 21.Bd2 Qd7 22.Bxa4 bxa4
23.c4 c5 24.a3 Qc7 25.Bc3 Rac8 26.Nd2 Rcd8 27.Qd1 h5 28.Qxa4 g6 29.Qc2 Rd7
30.Ngf1 Qc6 31.Rb1 Qd6 32.Qb2 Bh6 33.Rbd1 Qc7 34.f3 Rd3 35.Kh1 h4 36.Rb1 Bf4
37.bxc5 Bc8 38.Nb3 Be6 39.Nc1 Rd7 40.Ne2 Nh5 41.Nxf4 exf4 42.Qb4 Rd3 43.Red1 Rxd1
44.Rxd1 Rb8 45.Qa5 Qxa5 46.Bxa5 Bxc4 47.Nd2 Bb5 48.Kg1 Rc8 49.Rc1 Ng3 50.Kf2 Ne2
51.Re1 Nd4 52.Bb6 f6 53.Ra1 Nc6 54.a4 Bd3 55.Ra3 Ne5 56.Rc3 Kf7 57.Nb3 f5
58.exf5 Bxf5 59.Nd4 Bd7 60.a5 Nc6 61.Rd3 Ne5 62.Rd1 g5 63.Ke2 Re8 64.Kd2 Nc6
65.Nc2 Bf5 66.Rc1 Re7 67.Re1 Rd7+ 68.Kc1 Rd5 69.Rd1 Ke6 70.Re1+ Kf7 71.Re2 Bd3
72.Rd2 Ke6 73.Kb2 Bb5 74.Rxd5 Kxd5 75.Kc3 Bf1 76.Ne1 Ke6 77.Bc7 Kd5 78.Bd6 Ke6
79.Bc7 Kd7 80.Bb6 Ke7 81.Bc7 Ke6 82.Kd2 Kd7 83.Bb6 Nd4 84.Kc3 Ne6 85.Kb4 Kc6
86.Ba7 Kd5 87.Bb6 Nd4 88.Kc3 Nc6 89.Kd2 Kd4 90.Nc2+ Kc4 91.Ne1 Kb4 92.Kc2 Nd4+
93.Kb2 Kb5 94.Kc3 Ne6 95.Nc2 Bxg2 96.Nd4+ Nxd4 97.Kxd4 Bxf3 98.Bd8 g4 99.Bg5 g3
100.Bxf4 Kxa5  0-1

[Event "Moscow1"]
[Site "Moscow"]
[Date "1989.??.??"]
[Round "?"]
[White "Bokan, Danko"]
[Black "Kuzmin, Alexey"]
[Result "0-1"]
[WhiteElo "2255"]
[BlackElo "2465"]

1.e4 e5 2.Nf3 Nc6 3.Bb5 a6 4.Ba4 Nf6 5.O-O Be7 6.Re1 b5 7.Bb3 d6 8.c3 O-O
9.h3 Bb7 10.d4 Re8 11.Ng5 Rf8 12.Nf3 Na5 13.Bc2 Nc4 14.b3 Nb6 15.Nbd2 Re8
16.dxe5 dxe5 17.Nxe5 Bc5 18.Nd3 Nxe4 19.Nxe4 Bxe4 20.Nxc5 Bxc2 21.Qxd8 Rexd8
22.Be3 h5 23.Bd4 a5 24.Re5 Bg6 25.Rg5 Kh7 26.f4 f6 27.Rg3 Bf5 28.Rf3 a4 29.b4 Re8
30.Kf2 Nc4 31.Rg1 h4 32.g4 hxg3+ 33.Rfxg3 Re7 34.Kg2 Rf8 35.Kh1 Rff7 36.h4 Re2
37.R3g2 Rfe7 38.Kh2 a3 39.Kg3 Rb2 40.Nb3 Be4 41.Rf2 Bd5 42.Rd1 Ne3 43.Rxb2 axb2
44.Rb1 Nc4 45.Na5 Re2  0-1

[Event "Moscow1"]
[Site "Moscow"]
[Date "1989.??.??"]
[Round "?"]
[White "Bokan, Danko"]
[Black "Zaitsev, Igor A"]
[Result "1-0"]
[WhiteElo "2255"]
[BlackElo "2390"]

1.e4 e5 2.Nf3 Nc6 3.Bb5 a6 4.Ba4 Nf6 5.O-O Be7 6.Re1 b5 7.Bb3 O-O 8.c3 d6
9.h3 Bb7 10.d4 Re8 11.Ng5 Rf8 12.Nf3 Qd7 13.Nbd2 Rae8 14.Nf1 Bd8 15.Ng3 Kh8
16.a4 exd4 17.cxd4 Nb4 18.Qd2 c5 19.axb5 axb5 20.d5 Bb6 21.Qc3 Ng8 22.Nf5 f6
23.Bf4 Re5 24.Bxe5 dxe5 25.Ne3 Ne7 26.Nh4 Nc8 27.Nhf5 g6 28.Ng3 Nd6 29.Rf1 Re8
30.Rae1 h5 31.f4 Qg7 32.h4 exf4 33.Rxf4 f5 34.Bc2 fxe4 35.Bxe4 Bxd5 36.Nxd5 Nxd5
37.Bxd5 c4+ 38.Kh2 Rxe1 39.Qxe1 Bc7 40.Qe6 Nf5  1-0